| 000 | 00927nas a2200253Ia 4500 | ||
|---|---|---|---|
| 001 | R142/E6607 | ||
| 003 | IT-RoPAU | ||
| 008 | 151124c99999999xx |||||||||||| ||und|| | ||
| 040 | _aIT-RoPAU | ||
| 040 | _cIT-RoPAU | ||
| 041 | _aFRANCESE | ||
| 100 |
_aCastelain-Meunier Christine _gCodice Aut. SPICS: 48953 |
||
| 210 | _aRESEAUX | ||
| 222 | _aReseaux | ||
| 245 |
_aRESEAUX, N.082/083 (MARZO/GIUGNO 1997) _bCordon Paternel (Le). Des Liens Telephoniques Entre Des Peres "Non Gardiens" Et Leurs Enfants |
||
| 250 | _a1a ed. | ||
| 260 |
_aPARIS _bCNET _c1997 |
||
| 501 |
_bPaulus - SPICS - Società San Paolo EM (non-commercial uses only) _cCopyright2015 |
||
| 300 | _a16 p. [169-184] | ||
| 362 | _aN.082/083 (MARZO/GIUGNO 1997) | ||
| 500 | _aCordone Paterno: Legami Telefonici tra Padri Non Guardiani e Loro Bambini.Nel Quadro di Rottura Coniugale. | ||
| 650 |
_aCOMUNICAZIONE _vPUBBLICAZIONE PERIODICA |
||
| 942 | _cCR | ||
| 999 |
_c194201 _d194201 |
||